000 00666nam a22002297a 4500
003 UA-OsUOA
001 100082
007 ta
008 20130521b un ||||| |||| 00| 0 ukr d
100 _aТхоржевский С.
090 _a821.161.1
_bТ92
942 _cBK
040 _aUA-OsUOA
_brus
_cUA-OsUOA
_dUA-OsUOA
245 _aПортреты пером
_bисторические повести
300 _a544 с.
955 _a3
041 _arus
080 _a821.161.1
260 _aЛенинтрад
_bСоветский писатель
_c1984
650 7 _a82 Література. Літературознавство
_2UDC
999 _c386333
_d386333